[Event "Le Touquet op Seniors"]
[Site "Le Touquet"]
[Date "2002.??.??"]
[Round "5"]
[White "Antonic, Nenad"]
[Black "Creuze, Andre"]
[Result "0-1"]
[WhiteElo "1410"]
[BlackElo "1790"]
[PlyCount "84"]
[EventDate "2002.10.??"]
[EventType "swiss"]
[EventRounds "7"]
[EventCountry "FRA"]
[SourceTitle "EXT 2003"]
[Source "ChessBase"]
[SourceDate "2002.11.25"]
[SourceVersion "1"]
[SourceVersionDate "2002.11.25"]
[SourceQuality "1"]

1. d4 d5 2. c4 e6 3. Nc3 c5 4. e3 cxd4 5. exd4 Nf6 6. Bg5 Be7 7. Nf3 0-0 8. Bd3 dxc4 9. Bxc4 a6 10. a4 b6 11. 0-0 Bb7 12. Re1 Nbd7 13. Bd3 h6 14. Bh4 Nd5 15. Bxe7 Qxe7 16. Nxd5 Bxd5 17. Rc1 Nf6 18. h3 Rfd8 19. Rc3 Qb7 20. Bf1 Rac8 21. Rxc8 Rxc8 22. Nd2 a5 23. b3 Qc7 24. Ba6 Ra8 25. Bd3 Rc8 26. Ba6 Bb7 27. Bxb7 Qxb7 28. Qb1 Qc6 29. f3 Qc3 30. Kh1 Qxd2 31. Rd1 Qc2 32. Qa1 Nd5 33. Rg1 Nf4 34. Qa3 Ne2 35. Ra1 Qd2 36. Qd6 Qxd4 37. Qxb6 Qxb6 38. Rb1 Rc1+ 39. Rxc1 Nxc1 40. Kh2 Qf2 41. h4 Ne2 42. b4 Qxh4# 0-1